[Event "AUTO-MASTER-710"]
[Site "http://www.queenalice.com/game.php?id=520268"]
[Date "2009.1.10"]
[Round "1"]
[White "vinistrey"]
[Black "goldenboy"]
[Result "0-1"]
[WhiteElo "1994"]
[BlackElo "2116"]

1. e4 e5 2. Nf3 Nc6 3. Bb5 Bc5 4. O-O d6 5. d4 exd4 6. Nxd4 Bxd4 7. Qxd4 Qf6 8.
Bxc6+ bxc6 9. e5 Qxe5 10. Qb4 Ne7 11. Re1 Qb5 12. Qh4 Be6 13. Nc3 Qf5 14. Re2
Ng6 15. Qa4 Ne7 16. Be3 a5 17. Bd2 O-O 18. Ne4 Qb5 19. Qxb5 cxb5 20. Ng5 Nd5 21.
Nxe6 fxe6 22. Rxe6 Rf6 23. Rae1 Kf7 24. R6e4 a4 25. a3 h6 26. g3 c5 27. b4 axb3
28. cxb3 Rxa3 29. Rb1 Ra2 30. Be1 b4 31. f4 Re6 32. Rxe6 Kxe6 33. Bf2 Nc3 0-1

[Event "AUTO-MASTER-710"]
[Site "http://www.queenalice.com/game.php?id=520279"]
[Date "2009.1.10"]
[Round "1"]
[White "tariann"]
[Black "vinistrey"]
[Result "0-1"]
[WhiteElo "2022"]
[BlackElo "1974"]

1. e4 c5 2. Nf3 Nc6 3. d4 cxd4 4. Nxd4 g6 5. c4 Bg7 6. Be3 Nf6 7. Nc3 d6 8. Qd2
Ng4 9. Nxc6 bxc6 10. Be2 Nxe3 11. Qxe3 Be6 12. O-O O-O 13. f4 Qa5 14. f5 gxf5
15. exf5 Bxf5 16. Qxe7 Bxc3 17. bxc3 Qxc3 18. Qxd6 Rae8 19. Bh5 Re6 20. Qc7 Bd3
21. Bxf7+ Kh8 22. Bxe6 Bxf1 23. Qd6 Qe3+ 24. Kh1 Bxg2+ 25. Kxg2 Rf2+ 26. Kh1
Qf3+ 0-1

[Event "AUTO-MASTER-710"]
[Site "http://www.queenalice.com/game.php?id=520280"]
[Date "2009.1.10"]
[Round "1"]
[White "vinistrey"]
[Black "tariann"]
[Result "1-0"]
[WhiteElo "1983"]
[BlackElo "1992"]

1. e4 e6 2. d4 d5 3. Nc3 Bb4 4. e5 c5 5. a3 Bxc3+ 6. bxc3 Nc6 7. Nf3 Qc7 8. Bd3
f6 9. Bf4 f5 10. Ng5 Nge7 11. Qh5+ Ng6 12. Be3 cxd4 13. cxd4 Bd7 14. O-O O-O-O
15. Nf7 f4 16. Bd2 Nxd4 17. Nxh8 Nxh8 18. Bxf4 h6 19. Rfb1 Rf8 20. Be3 Nf5 21.
Bxa7 Qxe5 22. Ra2 d4 23. Rab2 Bc6 24. Bb5 Bxb5 25. Rxb5 Qe4 26. Rc5+ Kd7 27. Qf3
Qxf3 28. gxf3 Nd6 29. Kg2 Ng6 30. Rb3 Nh4+ 31. Kg3 Nhf5+ 32. Kg2 Nh4+ 33. Kg3
Nhf5+ 34. Kg4 h5+ 35. Kh3 g6 36. Rd3 Ra8 37. Bb6 Ra4 38. Rc7+ Ke8 39. Bc5 Kf8
40. Rxb7 1-0

[Event "AUTO-MASTER-710"]
[Site "http://www.queenalice.com/game.php?id=520287"]
[Date "2009.1.10"]
[Round "1"]
[White "vinistrey"]
[Black "Undertaker"]
[Result "1-0"]
[WhiteElo "1959"]
[BlackElo "1925"]

1. e4 e5 2. Nf3 Nf6 3. Nxe5 Qe7 4. d4 Nxe4 5. Bd3 d6 6. Bxe4 dxe5 7. O-O Nd7 8.
Re1 Qf6 9. dxe5 Qb6 10. Bd5 Bc5 11. Qf3 O-O 12. e6 Nf6 13. exf7+ Kh8 14. Bb3 h6
15. Be3 Qb4 16. Nc3 c6 17. a3 Qa5 18. h3 Bd6 19. Bd4 Qd8 20. Ne4 Nxe4 21. Rxe4
Bd7 22. Qh5 c5 23. Bc3 Bc6 24. Qg6 Rxf7 25. Bxf7 Qg5 26. Bxg7# 1-0

[Event "AUTO-MASTER-710"]
[Site "http://www.queenalice.com/game.php?id=520288"]
[Date "2009.1.10"]
[Round "1"]
[White "Undertaker"]
[Black "vinistrey"]
[Result "0-1"]
[WhiteElo "1934"]
[BlackElo "2025"]

1. e4 c5 2. Bc4 Nc6 3. Nf3 e6 4. d3 Nf6 5. Bg5 Be7 6. Nc3 O-O 7. O-O a6 8. Re1
b5 9. Bb3 Qc7 10. h3 h6 11. Bh4 Bb7 12. Qd2 Rfd8 13. Bg3 Qb6 14. e5 Nh5 15. Bh2
Nd4 16. Nxd4 cxd4 17. Ne4 f5 18. Ng3 Bg5 19. Qd1 Nf4 20. f3 a5 21. a3 a4 22. Ba2
Rac8 23. Ne2 Nxe2+ 24. Qxe2 Be3+ 25. Kf1 Qc5 26. c3 f4 27. cxd4 Qxd4 28. g3 Rc7
29. g4 Rdc8 30. b3 Rc2 0-1

[Event "AUTO-OPEN-1360"]
[Site "http://www.queenalice.com/game.php?id=545810"]
[Date "2009.2.24"]
[Round "2"]
[White "TecmoTim"]
[Black "vinistrey"]
[Result "0-1"]
[WhiteElo "2189"]
[BlackElo "2076"]

1. d4 Nf6 2. Bg5 Ne4 3. Bh4 c5 4. f3 g5 5. fxe4 gxh4 6. e3 Bh6 7. Qd3 Qb6 8. b3
Nc6 9. c3 d6 10. Nd2 Rf8 11. Ngf3 f5 12. Nxh4 f4 13. Nhf3 Bg4 14. exf4 Bxf4 15.
Nc4 Qc7 16. Be2 O-O-O 17. d5 Na5 18. O-O Nxc4 19. Qxc4 Be3+ 20. Kh1 Rg8 21. Nh4
Bd7 22. Qd3 Bg5 23. Nf5 Bxf5 24. exf5 Rg7 25. Bg4 Bf6 26. Bf3 Qa5 27. Rfc1 Rdg8
28. b4 Qb6 29. a4 cxb4 30. cxb4+ Kb8 31. Rab1 Qf2 32. Qf1 Qa2 33. a5 Rg5 34. Be4
Be5 35. Re1 Rh5 36. Re2 Rxh2+ 37. Kg1 Qc4 38. Ree1 Qd4+ 39. Qf2 Qxf2+ 40. Kxf2
Bg3+ 41. Kg1 Rg4 42. Re3 Be5 43. Kf2 Bd4 44. Kf3 Rhxg2 45. Rbe1 R4g3+ 46. Kf4
Be5# 0-1

[Event "AUTO-OPEN-1360"]
[Site "http://www.queenalice.com/game.php?id=545811"]
[Date "2009.2.24"]
[Round "2"]
[White "vinistrey"]
[Black "TecmoTim"]
[Result "1-0"]
[WhiteElo "2037"]
[BlackElo "2192"]

1. e4 c5 2. Nf3 Nc6 3. d4 cxd4 4. Nxd4 e5 5. Nb5 a6 6. Nd6+ Bxd6 7. Qxd6 Qf6 8.
Qxf6 Nxf6 9. Nc3 d5 10. exd5 Nb4 11. Bd3 Nxd3+ 12. cxd3 Bf5 13. Bg5 Bxd3 14.
Bxf6 gxf6 15. O-O-O Bf5 16. b3 Rc8 17. Kb2 Rg8 18. g3 Kd7 19. Rc1 Rc5 20. Na4
Rxc1 21. Rxc1 Be4 22. Nc5+ 1-0

[Event "AUTO-OPEN-1360"]
[Site "http://www.queenalice.com/game.php?id=545814"]
[Date "2009.2.24"]
[Round "2"]
[White "Rusty"]
[Black "vinistrey"]
[Result "1-0"]
[WhiteElo "2231"]
[BlackElo "2072"]

1. d4 Nf6 2. c4 g6 3. Nc3 Bg7 4. e4 d6 5. Nf3 O-O 6. Be2 e5 7. d5 Nbd7 8. O-O
Nc5 9. Qc2 Bd7 10. Be3 b6 11. b4 Nb7 12. Rac1 a5 13. a3 Ng4 14. Bg5 f6 15. Bd2
Bh6 16. h3 1-0

[Event "AUTO-OPEN-1360"]
[Site "http://www.queenalice.com/game.php?id=545815"]
[Date "2009.2.24"]
[Round "2"]
[White "vinistrey"]
[Black "Rusty"]
[Result "0-1"]
[WhiteElo "2062"]
[BlackElo "2238"]

1. e4 e5 2. Nf3 Nc6 3. Bb5 a6 4. Ba4 Nf6 5. O-O Be7 6. Re1 b5 7. Bb3 d6 8. d4
Nxd4 9. Nxd4 exd4 10. a4 Bb7 11. Qxd4 c5 12. Qc3 c4 13. Bxc4 bxc4 14. Qxc4 Rc8
15. Qd3 d5 0-1

[Event "AUTO-OPEN-1353"]
[Site "http://www.queenalice.com/game.php?id=562220"]
[Date "2009.3.26"]
[Round "2"]
[White "marcao"]
[Black "vinistrey"]
[Result "1-0"]
[WhiteElo "1841"]
[BlackElo "2053"]

1. d4 Nf6 2. Nc3 g6 3. e4 d6 4. Nf3 Bg7 5. Bg5 O-O 6. Bb5 Bd7 7. O-O Bxb5 8.
Nxb5 Nxe4 9. Bh4 Nc6 10. Re1 Nf6 11. a3 a6 12. Nc3 Qd7 13. d5 Na7 14. Rb1 Nb5
15. h3 Rfe8 16. Nxb5 Qxb5 17. Nd4 Qxd5 18. c3 Qh5 19. Qxh5 Nxh5 20. Rbd1 e5 21.
Nf3 Bf6 22. Bxf6 Nxf6 23. b4 Rad8 24. a4 e4 25. Nd4 d5 26. a5 c6 27. f3 1-0

[Event "AUTO-OPEN-1353"]
[Site "http://www.queenalice.com/game.php?id=562221"]
[Date "2009.3.26"]
[Round "2"]
[White "vinistrey"]
[Black "marcao"]
[Result "0-1"]
[WhiteElo "1965"]
[BlackElo "1869"]

1. e4 e5 2. Nf3 Nc6 3. Bb5 Nf6 4. O-O Nxe4 5. d4 a6 6. Bxc6 bxc6 7. Re1 d5 8.
Nxe5 Qf6 9. f3 Ng5 10. Ng4+ Be7 11. Nxf6+ gxf6 12. Qe2 Ne6 13. Bh6 Bd7 14. Nc3
Rg8 15. Rad1 Rg6 16. Bf4 Kf8 17. Bg3 Bd6 18. Bxd6+ cxd6 19. g3 Re8 20. Qxa6 Kg7
21. f4 f5 22. a4 h5 23. Kf2 Kf6 24. b4 h4 25. b5 hxg3+ 26. hxg3 Kg7 27. bxc6 Bc8
28. Qa7 Re7 0-1

[Event "AUTO-ADV-1163"]
[Site "http://www.queenalice.com/game.php?id=578369"]
[Date "2009.4.26"]
[Round "2"]
[White "thw"]
[Black "vinistrey"]
[Result "1-0"]
[WhiteElo "1984"]
[BlackElo "2012"]

1. e4 c5 2. Nf3 Nc6 3. d4 cxd4 4. Nxd4 Nf6 5. Nc3 d6 6. Be3 e6 7. Be2 Be7 8.
Nxc6 bxc6 9. f3 Qc7 10. Qd2 d5 11. exd5 exd5 12. Bd4 Be6 13. O-O-O Rb8 14. Rhe1
O-O 15. g4 Qb7 16. b3 Nd7 17. f4 c5 18. Bf2 d4 19. Na4 Rfc8 20. f5 Bd5 21. Ba6
Qxa6 22. Rxe7 Rb7 23. Rde1 Bc6 24. Re8+ Rxe8 25. Rxe8+ 1-0

[Event "AUTO-ADV-1163"]
[Site "http://www.queenalice.com/game.php?id=578370"]
[Date "2009.4.26"]
[Round "2"]
[White "vinistrey"]
[Black "thw"]
[Result "0-1"]
[WhiteElo "2029"]
[BlackElo "1994"]

1. e4 e6 2. d4 d5 3. Nc3 Nf6 4. Bg5 Be7 5. e5 Nfd7 6. Bxe7 Qxe7 7. f4 a6 8. Nf3
c5 9. Qd2 Nc6 10. Be2 O-O 11. O-O cxd4 12. Nxd4 Qc5 13. Rad1 b5 14. Kh1 Nxd4 15.
Qxd4 Qxd4 16. Rxd4 Bb7 17. a4 bxa4 18. Nxa4 Bc6 19. Ra1 Rfb8 20. b3 Bb5 21. c4
Bxa4 22. bxa4 Rb4 0-1

[Event "AUTO-ADV-1163"]
[Site "http://www.queenalice.com/game.php?id=578371"]
[Date "2009.4.26"]
[Round "2"]
[White "RafaelCabral"]
[Black "vinistrey"]
[Result "1-0"]
[WhiteElo "2291"]
[BlackElo "1945"]

1. e4 c5 2. Nf3 Nc6 3. d4 cxd4 4. Nxd4 Nf6 5. Nc3 d6 6. Bg5 e6 7. Qd2 Be7 8.
O-O-O O-O 9. f4 Nxd4 10. Qxd4 Qa5 11. Bc4 Bd7 12. e5 dxe5 13. fxe5 Bc6 14. Bd2
Nd7 15. Rhe1 Bc5 16. Qf4 Bb4 17. a3 Bxc3 18. Bxc3 Qc7 19. Rd3 Rfd8 20. Bb4 b6
21. Rg3 Nc5 22. Qh6 g6 23. Rh3 1-0

[Event "AUTO-ADV-1163"]
[Site "http://www.queenalice.com/game.php?id=578372"]
[Date "2009.4.26"]
[Round "2"]
[White "vinistrey"]
[Black "RafaelCabral"]
[Result "0-1"]
[WhiteElo "1943"]
[BlackElo "2293"]

1. e4 c5 2. Nf3 d6 3. d4 cxd4 4. Nxd4 Nf6 5. Nc3 g6 6. Be3 Bg7 7. f3 O-O 8. Qd2
Nc6 9. O-O-O d5 10. exd5 Nxd5 11. Nxc6 bxc6 12. Bd4 e5 13. Bc5 Be6 14. Ne4 Re8
15. h4 h6 16. g4 Qc7 17. g5 h5 18. Bh3 Bxh3 19. Rxh3 Rad8 20. Qf2 Rd7 21. Ba3
Red8 22. Nc5 Nf4 23. Rxd7 Nxh3 0-1

[Event "I Classic Chess"]
[Site "http://www.queenalice.com/game.php?id=1468028"]
[Date "2017.3.8"]
[Round "1"]
[White "ErnestoED"]
[Black "vinistrey"]
[Result "1-0"]
[WhiteElo "1363"]
[BlackElo "1908"]

1. e4 c5 2. Nf3 Nc6 3. Bc4 e6 4. Nc3 Nf6 5. d3 d5 6. exd5 Nxd5 7. O-O Be7 8. d4
cxd4 9. Nxd4 O-O 10. Nxd5 exd5 11. Nxc6 bxc6 12. Bd3 Qc7 13. Qf3 Be6 14. Bf4 Qb6
15. Rae1 1-0